Information and the public sphere : (Record no. 26813)

MARC details
000 -LEADER
fixed length control field 02906nam a22004215a 4500
005 - DATE AND TIME OF LATEST TRANSACTION
control field 20090526121324.0
008 - FIXED-LENGTH DATA ELEMENTS--GENERAL INFORMATION
fixed length control field 090319s2009 ii b 001 0 eng
010 ## - LCCN (DPL NO)
LC control number ENG-93732
020 ## - INTERNATIONAL STANDARD BOOK NUMBER
International Standard Book Number 9780195690859
Terms of availability 1295.00
020 ## - INTERNATIONAL STANDARD BOOK NUMBER
International Standard Book Number 0195690850
Terms of availability 1295.00
035 ## - SYSTEM CONTROL NUMBER
System control number EN-77265
035 ## - SYSTEM CONTROL NUMBER
System control number B-360821-826
035 ## - SYSTEM CONTROL NUMBER
System control number B-379440
037 ## - SOURCE OF ACQUISITION
Stock number DBAD / PUB
037 ## - SOURCE OF ACQUISITION
Stock number UBH
037 ## - SOURCE OF ACQUISITION
Stock number Uppal Book Store
040 ## - CATALOGING SOURCE
Original cataloging agency dpl
Language of cataloging English
082 ## - DEWEY DECIMAL CLASSIFICATION NUMBER
Classification number 954.022
245 ## - TITLE STATEMENT
Title Information and the public sphere :
Remainder of title Persian newsletters from Mughal Delhi /
Statement of responsibility, etc edited by Margrit Pernau [and] Yunus Jaffery
260 ## - PUBLICATION, DISTRIBUTION, ETC. (IMPRINT)
Place of publication, distribution, etc New Delhi
Name of publisher, distributor, etc Oxford University Press
Date of publication, distribution, etc 2009
270 ## - ADDRESS
Address YMCA Library Building, Jai Singh Road,
City New Delhi
Postal code 110001
300 ## - PHYSICAL DESCRIPTION
Extent 480 p.
Dimensions 25cm(Hb)
500 ## - GENERAL NOTE
General note Includes bibliographical references and index
651 ## - SUBJECT ADDED ENTRY--GEOGRAPHIC NAME
Geographic name India
General subdivision History
700 ## - ADDED ENTRY--PERSONAL NAME
Personal name Pernau, Margrit
700 ## - ADDED ENTRY--PERSONAL NAME
Personal name Jaffery, Yunus
942 ## - ADDED ENTRY ELEMENTS (KOHA)
Source of classification or shelving scheme Dewey Decimal Classification
Item type English Books
Call number suffix INF
Classification part 954.022
Holdings
Withdrawn status Lost status Source of classification or shelving scheme Damaged status Not for loan Collection code Home library Current library Date acquired Source of acquisition Cost, normal purchase price Total Checkouts Full call number Barcode Date last seen Copy number Cost, replacement price Koha item type
    Dewey Decimal Classification     Non-fiction Central Library Central Library 25/03/2010 Uppal Book Store/UBS9013/26.10.09/128/16.10.09/26.10.09 1295.00   954.022 INF B-360821 25/03/2010 1 1295.00 English Books
    Dewey Decimal Classification   Not For Loan Reference Central Library Central Library 07/04/2010 UBH/245/24.2.10/178/23.2.10/24.2.10 1295.00   954.022 INF B-379440 07/04/2010 1 1295.00 English Books
    Dewey Decimal Classification   Not For Loan Non-fiction Andrews Gunj D.B.Act.Division 26/05/2009 DBAD / PUB 1295.00   954.022 INF EN-77265 26/05/2009 1 1295.00 English Books
    Dewey Decimal Classification     Non-fiction Janak Puri Janak Puri 25/03/2010 Uppal Book Store/UBS9013/26.10.09/128/16.10.09/26.10.09 1295.00 2 954.022 INF B-360823 04/09/2010 1 1295.00 English Books
    Dewey Decimal Classification     Non-fiction Karol Bagh Karol Bagh 25/03/2010 Uppal Book Store/UBS9013/26.10.09/128/16.10.09/26.10.09 1295.00   954.022 INF B-360825 25/03/2010 1 1295.00 English Books
    Dewey Decimal Classification     Non-fiction Patel Nagar Patel Nagar 25/03/2010 Uppal Book Store/UBS9013/26.10.09/128/16.10.09/26.10.09 1295.00   954.022 INF B-360822 25/03/2010 1 1295.00 English Books
    Dewey Decimal Classification     Non-fiction Shahdara Branch Shahdara Branch 25/03/2010 Uppal Book Store/UBS9013/26.10.09/128/16.10.09/26.10.09 1295.00   954.022 INF B-360826 25/03/2010 1 1295.00 English Books
    Dewey Decimal Classification     Non-fiction Vinoba Puri Vinoba Puri 25/03/2010 Uppal Book Store/UBS9013/26.10.09/128/16.10.09/26.10.09 1295.00   954.022 INF B-360824 25/03/2010 1 1295.00 English Books

© Delhi Public Library
Hit Counter
free hit counter